HSE publishes new guidance on the hand arm vibration (Record no. 76065)

MARC details
000 -LEADER
fixed length control field 01073cab a2200229 4500
001 - CONTROL NUMBER
control field ##L131383
008 - FIXED-LENGTH DATA ELEMENTS--GENERAL INFORMATION
fixed length control field 051028n2005 000 0 eng u
035 ## - SYSTEM CONTROL NUMBER
System control number (Sirsi) u131383
041 0# - LANGUAGE CODE
Language code of text/sound track or separate title eng
110 2# - MAIN ENTRY--CORPORATE NAME
Corporate name or jurisdiction name as entry element Great Britain
Subordinate unit Health and Safety Executive
245 00 - TITLE STATEMENT
Title HSE publishes new guidance on the hand arm vibration
260 ## - PUBLICATION, DISTRIBUTION, ETC.
Date of publication, distribution, etc. 2005
490 00 - SERIES STATEMENT
Series statement HSE Press Release
Volume/sequential designation (E125:05) 29 September 2005
520 ## - SUMMARY, ETC.
Summary, etc. The HSE has published a comprehensive guide "Hand-arm vibration: Control of Vibration at Work Regulations 2005" (ISBN 0717661253) giving advice on what needs to be done to reduce and control the risks of hand-arm vibration.
590 ## - LOCAL NOTE (RLIN)
Local note IKA081105
650 24 - SUBJECT ADDED ENTRY--TOPICAL TERM
Topical term or geographic name entry element HAND-ARM VIBRATION: CONTROL OF VIBRATION AT WORK REGULATIONS 2005
650 24 - SUBJECT ADDED ENTRY--TOPICAL TERM
Topical term or geographic name entry element CONTROL OF VIBRATION WORK ACT 2005
650 24 - SUBJECT ADDED ENTRY--TOPICAL TERM
Topical term or geographic name entry element CONTROL OF VIBRATION AT WORK REGULATIONS 2005
690 ## - LOCAL SUBJECT ADDED ENTRY--TOPICAL TERM (OCLC, RLIN)
Topical term or geographic name as entry element MANAGEMENT-HEALTH AND SAFETY-HEALTH AND SAFETY RISK MANAGEMENT
856 ## - ELECTRONIC LOCATION AND ACCESS
Uniform Resource Identifier <a href="https://www.hse.gov.uk/press/2005/e05125.htm">https://www.hse.gov.uk/press/2005/e05125.htm</a>
Public note View the press release free of charge at www.hse.gov.uk...
942 ## - ADDED ENTRY ELEMENTS (KOHA)
Suppress in OPAC 0
Holdings
Withdrawn status Lost status Source of classification or shelving scheme Damaged status Not for loan Home library Current library Shelving location Date acquired Total Checkouts Full call number Barcode Date last seen Copy number Price effective from Koha item type
    Dewey Decimal Classification     Virtual Virtual Online 28/10/2005   ON-LINE PUBLICATION 131383-1001 06/08/2019 1 06/08/2019 Journal article